Llwytho...
Introduction social forestry
| Prif Awdur: | |
|---|---|
| Fformat: | Printed Book |
| Iaith: | Undetermined English |
| Cyhoeddwyd: |
New Delhi
Oxford & IBH publishing co. pvt. ltd
1979
|
| Pynciau: |
| LEADER | 00522nam a2200157Ia 4500 | ||
|---|---|---|---|
| 008 | 140306s9999 xx 000 0 und d | ||
| 041 | |a eng | ||
| 082 | |a 634.9 |b SIT | ||
| 100 | |a Sitaram, rao M | ||
| 245 | |a Introduction social forestry | ||
| 260 | |a New Delhi |b Oxford & IBH publishing co. pvt. ltd |c 1979 | ||
| 300 | |a 79 | ||
| 650 | |a social forestry | ||
| 942 | |2 ddc |c BK | ||
| 999 | |c 70777 |d 70777 | ||
| 952 | |0 0 |1 0 |2 ddc |4 0 |6 634_900000000000000_SIT |7 0 |9 77126 |a KAUACV |b KAUACV |d 2004-06-08 |o 634.9 SIT |p KAU_ACV-23868 |r 2014-03-22 |w 2014-03-22 |y BK | ||